[Event "Zuerich Seniors op 08th"]
[Site "Zuerich"]
[Date "2010.02.01"]
[Round "6"]
[White "Reichelmeier, Rudolf"]
[Black "Brand, Michel"]
[Result "1/2-1/2"]
[WhiteElo "1609"]
[BlackElo "1583"]
[PlyCount "63"]
[EventDate "2010.01.25"]
[EventType "swiss"]
[EventRounds "9"]
[EventCountry "SUI"]
[SourceTitle "EXT 2022"]
[Source "ChessBase"]
[SourceDate "2021.10.06"]
[SourceVersion "1"]
[SourceVersionDate "2021.10.06"]
[SourceQuality "1"]

1. e4 c5 2. c4 Nc6 3. Nf3 d6 4. Nc3 Nf6 5. d3 Bg4 6. h3 Bh5 7. Be2 e6 8. Bf4 Be7 9. g4 Bg6 10. Nh4 Nd7 11. Nf3 Nde5 12. Bg3 Nxf3+ 13. Bxf3 a6 14. Bg2 0-0 15. 0-0 Bf6 16. Qd2 Bd4 17. Kh2 h6 18. Ne2 Bf6 19. f4 Bh4 20. Qe1 Bxg3+ 21. Qxg3 Bh7 22. Nc3 g5 23. f5 Ne5 24. Rad1 Qc7 25. Rh1 Qe7 26. Kg1 Kh8 27. Bf1 Rg8 28. Be2 Nc6 29. Rd2 Rad8 30. Bf3 Qf6 31. Kf1 Qd4 32. Qf2 1/2-1/2

[Event "Zuerich Seniors op 08th"]
[Site "Zuerich"]
[Date "2010.01.26"]
[Round "2"]
[White "Reichelmeier, Rudolf"]
[Black "Eigenmann, Bruno"]
[Result "0-1"]
[WhiteElo "1609"]
[BlackElo "1589"]
[PlyCount "28"]
[EventDate "2010.01.25"]
[EventType "swiss"]
[EventRounds "9"]
[EventCountry "SUI"]
[SourceTitle "EXT 2022"]
[Source "ChessBase"]
[SourceDate "2021.10.06"]
[SourceVersion "1"]
[SourceVersionDate "2021.10.06"]
[SourceQuality "1"]

1. e4 d6 2. Nf3 Nc6 3. d3 Nf6 4. c4 g6 5. Bd2 Bg7 6. Bc3 e5 7. Be2 Nh5 8. Nbd2 Nf4 9. Bf1 Bg4 10. h3 Bd7 11. Nb3 Rb8 12. g3 Ne6 13. Bg2 b5 14. Nbd2 b4 0-1